000
00315nam a22001337a 4500
008
180215b xxu||||| |||| 00| 0 eng d
020
_a
9780716734000
041
_a
eng
080
_2
3rd
_a
311
100
_a
55
101
_a
STA
245
_a
Introduction to the practice of statistics
_c
Notz,W.L
942
_2
udc
_c
BK
999
_c
42700
_d
42700